000 00551nam a22001697a 4500
020 _qHard Cover.
082 _a200
100 _aYousaf, Imran
245 _aHydrogen Production using Aluminum and Nano Modifiers /
_cImran Yousaf.
260 _aIslamabad:
_bSCME - NUST,
_c2014.
300 _a73 p. :
_bill. ;
_c30cm.
650 _aMS- Chemical Engineering
_9129140
700 _aDr. Habib Nasir
_916070
856 _u http://10.250.8.41:8080/xmlui/handle/123456789/6455
942 _2ddc
_cSC
999 _c534229
_d534229